| 000 | 01228nac a22003011i 4500 | ||
|---|---|---|---|
| 003 | EG-ScBUE | ||
| 005 | 20240807090707.0 | ||
| 008 | 120828s2001 ua f b 00010 eara d | ||
| 017 | _a2001 / 13062 | ||
| 020 | _a9770173873 | ||
| 040 |
_aEG-ScBUE _bara _erda _cEG-ScBUE _dEG-ScBUE |
||
| 043 | _af-ua--- | ||
| 082 | 0 | 4 |
_a956.046 _bر م ض _222 |
| 100 | 1 |
_aرمضان، عبد العظيم، _d1925-2007، _eمؤلف. |
|
| 245 | 1 | 0 |
_aتحطيم الآلهة : _bقصة حرب يونية 1967 : دراسة تاريخية / _cد. عبد العظيم رمضان. |
| 264 | 1 |
_aالقاهرة : _bالهيئة المصرية العامة للكتاب، _c2001. |
|
| 300 |
_a511 صفحة ؛ _c24 سم. |
||
| 336 |
_2rdacontent _aنص _btxt |
||
| 337 |
_aبدون وسيط _2rdamedia _bn |
||
| 338 |
_aمجلد _bnc _2rdacarrier |
||
| 490 | 0 |
_aمكتبة الأسرة. _aالأعمال الفكرية |
|
| 504 | _aيشتمل على إرجاعات ببليوجرافية وكشافات. | ||
| 505 | 2 | _aالجزء الثاني. | |
| 650 | 7 |
_aحرب يونيو 1967 _zمصر. _2BUEsh |
|
| 651 | 7 |
_aمصر _xتاريخ _yالعصر الحديث _yجمال عبد الناصر (1954-1970). _2BUEsh |
|
| 655 | _vReading book | ||
| 942 |
_cBB _2ddc |
||
| 999 |
_c7490 _d7490 |
||